000 00342nam a2200133Ia 4500
005 20251222140036.0
008 251222s1900||||xx |||||||||||||| ||spa||
020 _a9507245898
082 _a179.7 C546
100 _aChesterton, Gilbert Keith
245 0 _aEl Hombre ComĂșn y otros Ensayos sobre la Modernidad
264 _bLumen
942 _cLIB
999 _c3115
_d3115